"Universidad Benito Juárez" de Oaxaca, Biblioteca Estudiantil este libro principio el día 30 de agosto de 1965

Detalles Bibliográficos
Formato: Libro
Lenguaje:Spanish
Publicado: Oaxaca : s.n., 1965.
Materias:
Colección:Banco de datos
Acervo:Universidad Autónoma Benito Juárez de Oaxaca. Biblioteca Francisco de Burgoa. Colección moderna
Descripción Física:143 h. ; 33 cm.
Tema general:Bibliografía
Notas:Texto a tres columnas manuscritas con foliación en tinta. Encuadernación en keratol
LEADER 00692nam a22001570004500
035 |a 1573 
041 0 |a spa 
245 1 0 |a "Universidad Benito Juárez" de Oaxaca, Biblioteca Estudiantil este libro principio el día 30 de agosto de 1965 
260 |a Oaxaca : s.n., 1965. 
300 |a 143 h. ; 33 cm.  
500 |a Texto a tres columnas manuscritas con foliación en tinta. Encuadernación en keratol 
650 1 0 |a Bibliografía 
852 |a Universidad Autónoma "Benito Juárez" de Oaxaca, Biblioteca Francisco de Burgoa, Colección moderna 22941 
942 |c BURMOD 
943 |g Universidad Autónoma Benito Juárez de Oaxaca. Biblioteca Francisco de Burgoa. Colección moderna 
999 |c 1126016  |d 1126016